All Clubs in FC26 - Statistics

General Stats
  • This quiz has been taken 24 times
  • The average score is 109 of 660
Answer Stats
League Club % Correct
Premier League Arsenal
82%
Premier League Chelsea
82%
Serie A AC Milan
76%
Serie A Inter
76%
Premier League Liverpool
76%
Major League Soccer Los Angeles FC
76%
Major League Soccer Inter Miami
71%
Premier League Manchester City
71%
Premier League Manchester United
71%
Ligue 1 Paris Saint-Germain
71%
La Liga Real Madrid
65%
Premier League Tottenham Hotspur
65%
Premier League AFC Bournemouth
59%
Bundesliga Bayer 04 Leverkusen
59%
La Liga FC Barcelona
59%
Premier League Newcastle United
59%
Major League Soccer New York City FC
59%
Eredivisie Ajax
53%
Premier League Aston Villa
53%
League One Port Vale
53%
Super League Shanghai Port
53%
Premier League Wolverhampton Wanderers
53%
La Liga Athletic Club
47%
La Liga Atlético Madrid
47%
Premier League Brentford
47%
Premier League Brighton & Hove Albion
47%
Premier League Burnley
47%
League One Cardiff City
47%
Championship Coventry City
47%
Premier League Crystal Palace
47%
Premier League Dynamo Kyiv
47%
Super League FC Basel 1893
47%
Premier League Fulham FC
47%
Süper Lig Galatasaray SK
47%
Serie A Juventus
47%
Serie A Lazio
47%
Premier League Leeds United
47%
Serie A Napoli
47%
Premier League Nottingham Forest
47%
Ligue 1 Olympique de Marseille
47%
Ligue 1 Olympique Lyonnais
47%
Ligue 1 Paris FC
47%
Eredivisie SC Heerenveen
47%
Premier League Sunderland
47%
Premier League West Ham United
47%
Ligue 1 Angers SCO
41%
Ligue 1 AS Monaco
41%
Championship Bristol City
41%
League Two Bristol Rovers
41%
Major League Soccer Chicago Fire
41%
Primera Division Colo-Colo
41%
Hrvatska nogometna liga Dinamo Zagreb
41%
Premier League Everton
41%
Bundesliga FC Bayern München
41%
Ligue 1 FC Nantes
41%
Bundesliga FC Red Bull Salzburg
41%
Süper Lig Fenerbahçe SK
41%
Eredivisie Feyenoord
41%
Serie A Fiorentina
41%
Ligue 1 Lille OSC
41%
La Liga 2 Málaga CF
41%
Allsvenskan Malmö FF
41%
Eredivisie PSV
41%
Serie A Roma
41%
Primeira Liga SL Benfica
41%
Primeira Liga Sporting CP
41%
Championship Swansea City
41%
Süper Lig Trabzonspor
41%
La Liga Valencia CF
41%
Championship West Bromwich Albion
41%
Bundesliga 1. FC Union Berlin
35%
Pro League Al Hilal
35%
Liga Profesional de Fútbol Argentinos Juniors
35%
Süper Lig Beşiktaş JK
35%
Championship Birmingham City
35%
Liga Profesional de Fútbol Boca Juniors
35%
Serie A Bologna
35%
Bundesliga Borussia Dortmund
35%
Premiership Celtic
35%
Major League Soccer CF Montréal
35%
Liga Profesional de Fútbol Club Atlético Union
35%
Pro League Club Brugge KV
35%
Premiership Dundee FC
35%
Primeira Liga FC Porto
35%
2. Bundesliga FC Schalke 04
35%
Eliteserien FK Bodø/Glimt
35%
Premiership Hearts
35%
2. Bundesliga Hertha BSC
35%
Championship Hull City
35%
Pro League KAA Gent
35%
Pro League KRC Genk
35%
La Liga Levante UD
35%
League One Lincoln City
35%
Ligue 1 OGC Nice
35%
Super League Olympiacos FC
35%
Serie B Palermo FC
35%
Super League PAOK
35%
Serie A Parma
35%
League One Plymouth Argyle
35%
Premiership Rangers FC
35%
Bundesliga RB Leipzig
35%
La Liga RC Celta
35%
Ligue 1 RC Strasbourg Alsace
35%
Pro League Royal Antwerp FC
35%
Serie B Sampdoria
35%
Major League Soccer Seattle Sounders FC
35%
La Liga Sevilla FC
35%
Premier League Shakhtar Donetsk
35%
Championship Sheffield Wednesday
35%
První liga SK Slavia Praha
35%
Championship Southampton
35%
Bundesliga SV Werder Bremen
35%
Major League Soccer Vancouver Whitecaps FC
35%
Bundesliga VfB Stuttgart
35%
3. Liga VfB Stuttgart II
35%
Bundesliga VfL Wolfsburg
35%
Bundesliga 1. FC Köln
29%
Super League AEK Athens
29%
Pro League Al Ain
29%
Pro League Al Nassr
29%
Championship Blackburn Rovers
29%
League One Bolton Wanderers
29%
League One Bradford City
29%
Super League BSC Young Boys
29%
League Two Cambridge United
29%
Serie A Como
29%
Major League Soccer DC United
29%
La Liga Deportivo Alavés
29%
Championship Derby County
29%
Premier Division Derry City
29%
League One Exeter City
29%
Serie A Genoa
29%
Hrvatska nogometna liga Hajduk Split
29%
Bundesliga Hamburger SV
29%
Championship Ipswich Town
29%
Major League Soccer LA Galaxy
29%
Ekstraklasa Lech Poznań
29%
Ekstraklasa Legia Warszawa
29%
Championship Leicester City
29%
League Two Milton Keynes Dons
29%
Championship Norwich City
29%
Championship Oxford United
29%
Super League Panathinaikos FC
29%
Premyer Liqa Qarabağ FK
29%
Liga I Rapid București
29%
La Liga Rayo Vallecano
29%
La Liga RCD Espanyol
29%
La Liga RCD Mallorca
29%
Ligue 1 RC Lens
29%
League One Reading FC
29%
La Liga Real Betis Balompié
29%
La Liga Real Sociedad
29%
La Liga 2 Real Sociedad de Fútbol B
29%
Pro League RSC Anderlecht
29%
Bundesliga SC Freiburg
29%
Championship Sheffield United
29%
Bundesliga SK Rapid
29%
Bundesliga SK Sturm Graz
29%
První liga Sparta Praha
29%
Eredivisie Sparta Rotterdam
29%
League Two Swindon Town
29%
Serie A Torino
29%
Major League Soccer Toronto FC
29%
Bundesliga TSG 1899 Hoffenheim
29%
3. Liga TSG 1899 Hoffenheim II
29%
Championship Watford
29%
Championship Wrexham
29%
League One AFC Wimbledon
24%
Pro League Al Ahli SFC
24%
Pro League Al Ittihad
24%
Süper Lig Antalyaspor
24%
Serie A Atalanta
24%
Major League Soccer Atlanta United
24%
Eredivisie AZ Alkmaar
24%
League Two Barnet
24%
League One Barnsley
24%
Série A Botafogo
24%
League One Burton Albion
24%
Serie A Cagliari
24%
Major League Soccer Columbus Crew
24%
Ekstraklasa Cracovia
24%
2. Bundesliga Dynamo Dresden
24%
Bundesliga Eintracht Frankfurt
24%
Bundesliga FC Augsburg
24%
Major League Soccer FC Dallas
24%
Superliga FC København
24%
Superliga FC Midtjylland
24%
K League 1 FC Seoul
24%
Super League FC Zürich
24%
Bundesliga FK Austria Wien
24%
Série A Flamengo
24%
La Liga Getafe CF
24%
League Two Gillingham
24%
La Liga Girona FC
24%
2. Bundesliga Hannover 96
24%
Veikkausliiga HJK Helsinki
24%
League One Huddersfield Town
24%
Serie A Lecce
24%
League One Leyton Orient
24%
Premiership Livingston FC
24%
League One Luton Town
24%
Championship Middlesbrough
24%
Ligue 2 Montpellier HSC
24%
Super League Mumbai City FC
24%
Major League Soccer New England Revolution
24%
League Two Newport County
24%
League One Northampton Town
24%
Serie A Pisa
24%
Major League Soccer Portland Timbers
24%
Championship Preston North End
24%
Championship Queens Park Rangers
24%
Liga Profesional de Fútbol River Plate
24%
Super League SC Delhi
24%
Primeira Liga Sporting Clube de Braga
24%
Serie B SSC Bari
24%
League One Stockport County
24%
Championship Stoke City
24%
A-League Men Sydney FC
24%
Ligue 1 Toulouse FC
24%
League Two Tranmere Rovers
24%
Pro League Union Saint-Gilloise
24%
3. Liga Viktoria Köln
24%
První liga Viktoria Plzeň
24%
Premier Division Waterford FC
24%
Bundesliga 1. FC Heidenheim 1846
18%
2. Bundesliga 1. FC Kaiserslautern
18%
Premiership Aberdeen
18%
A-League Men Adelaide United
18%
Allsvenskan AIK
18%
Süper Lig Alanyaspor
18%
1. Division APOEL
18%
Ligue 2 AS Saint-Étienne
18%
A-League Men Auckland FC
18%
League Two Barrow
18%
Super League Beijing Guoan
18%
League One Blackpool FC
18%
Premier Division Bohemian FC
18%
Bundesliga Borussia Mönchengladbach
18%
A-League Men Brisbane Roar
18%
League Two Bromley
18%
Superliga Brøndby IF
18%
La Liga 2 CD Leganés
18%
Pro League Cercle Brugge KSV
18%
Liga I CFR Cluj
18%
Premier Division Cork City
18%
League One Doncaster Rovers
18%
Premiership Dundee United FC
18%
La Liga Elche CF
18%
Super League FC Goa
18%
Eredivisie FC Gronigen
18%
Ligue 1 FC Lorient
18%
Super League FC Luzern
18%
Ligue 1 FC Metz
18%
Bundesliga FC St. Pauli
18%
Super League FC Thun
18%
Eredivisie FC Twente
18%
Série A Fluminense
18%
2. Bundesliga Fortuna Düsseldorf
18%
Eredivisie Fortuna Sittard
18%
Süper Lig Gaziantep FK
18%
La Liga 2 Granada CF
18%
Super League Grasshopper Club Zürich
18%
Serie A Hellas Verona
18%
Premiership Hibernian
18%
Major League Soccer Houston Dynamo
18%
Allsvenskan IFK Göteborg
18%
Bundesliga LASK Linz
18%
Championship Millwall FC
18%
Eliteserien Molde FK
18%
Serie A Mushuc Runa
18%
League Two Oldham Athletic
18%
Major League Soccer Orlando City SC
18%
Ligue 2 Pau FC
18%
Eredivisie PEC Zwolle
18%
Primera División Peñarol
18%
A-League Men Perth Glory
18%
Serie B Pescara
18%
Championship Portsmouth
18%
La Liga 2 Racing Santander
18%
Ekstraklasa Raków Częstochowa
18%
La Liga Real Oviedo
18%
Major League Soccer Real Salt Lake
18%
La Liga 2 Real Sporting de Gijón
18%
League Two Salford City
18%
Süper Lig Samsunspor
18%
Serie A Sassuolo
18%
2. Bundesliga SC Paderborn 07
18%
Premier Division Shamrock Rovers
18%
Premier Division Shelbourne FC
18%
Premier Division Sligo Rovers
18%
Pro League Standard de Liège
18%
League One Stevenage
18%
3. Liga SV Waldhof Mannheim
18%
Serie A Udinese
18%
Serie B Venezia
18%
Eliteserien Viking FK
18%
Série A Vitória
18%
Primeira Liga Vitória SC
18%
League Two Walsall
18%
League One Wigan Athletic
18%
League One Wycombe Wanderers
18%
2. Bundesliga 1. FC Magdeburg
12%
2. Bundesliga 1. FC Nürnberg
12%
3. Liga 1. FC Saarbrücken
12%
Superliga Aarhus Gymnastikforening
12%
League Two Accrington Stanley
12%
Ligue 1 AJ Auxerre
12%
3. Liga Alemannia Aachen
12%
Pro League Al Ettifaq
12%
Categoría Primera A América de Cali
12%
Major League Soccer Austin FC
12%
Serie A Barcelona de Guayaquil
12%
La Liga CA Osasuna
12%
Süper Lig Çaykur Rizespor
12%
Major League Soccer Charlotte FC
12%
Championship Charlton Athletic
12%
Super League Chengdu Rongcheng
12%
League Two Colchester United
12%
Major League Soccer Colorado Rapids
12%
Série A Corinthians
12%
League Two Crawley Town
12%
Serie A Cremonese
12%
Liga I Dinamo București
12%
Premier Division Drogheda United
12%
2. Bundesliga DSC Arminia Bielefeld
12%
Serie B Empoli
12%
Premiership Falkirk
12%
La Liga 2 FC Andorra
12%
Superliga FC Nordsjælland
12%
Liga I FCSB
12%
Super League FC Sion
12%
Eredivisie FC Utrecht
12%
Nemzeti Bajnokság I Ferencvárosi Torna Club
12%
Premier Division Galway United
12%
Eredivisie Go Ahead Eagles
12%
Série A Grêmio
12%
League Two Grimsby Town
12%
League Two Harrogate Town
12%
2. Bundesliga Holstein Kiel
12%
Serie A Independiente del Valle
12%
Süper Lig Kasımpaşa SK
12%
Süper Lig Kayserispor
12%
Süper Lig Konyaspor
12%
Ligue 1 Le Havre AC
12%
División Profesional Libertad
12%
Süper Lig Medipol Başakşehir FK
12%
A-League Men Melbourne City FC
12%
A-League Men Melbourne Victory
12%
3. Liga MSV Duisburg
12%
Eredivisie NAC Breda
12%
A-League Men Newcastle Jets
12%
Liga Profesional de Fútbol Newell's Old Boys
12%
Major League Soccer New York Red Bulls
12%
League Two Notts County
12%
Superliga Odense Boldklub
12%
Pro League Oud-Heverlee Leuven
12%
Série A Palmeiras
12%
Major League Soccer Philadelphia Union
12%
Liga Profesional de Fútbol Racing Club
12%
La Liga 2 Real Valladolid CF
12%
La Liga 2 Real Zaragoza
12%
Ligue 2 Red Star FC
12%
Primeira Liga Rio Ave FC
12%
Eliteserien Rosenborg BK
12%
3. Liga Rot-Weiss Essen
12%
Pro League Royal Charleroi Sporting Club
12%
Primeira Liga Santa Clara
12%
Série A São Paulo
12%
La Liga 2 SD Eibar
12%
La Liga 2 SD Huesca
12%
Super League Shenzhen Peng City
12%
League Two Shrewsbury Town
12%
Major League Soccer Sporting Kansas City
12%
3. Liga SSV Jahn Regensburg
12%
Ligue 1 Stade Rennais FC
12%
Major League Soccer St. Louis CITY SC
12%
Premier Division St Patrick's Athletic FC
12%
2. Bundesliga SV Darmstadt 98
12%
3. Liga SV Wehen Wiesbaden
12%
Pro League SV Zulte Waregem
12%
Eliteserien Tromsø IL
12%
2. Bundesliga VfL Bochum 1848
12%
La Liga Villarreal CF
12%
A-League Men Western Sydney Wanderers
12%
Ekstraklasa Wisła Płock
12%
Super League Wuhan Three Towns
12%
Bundesliga 1. FSV Mainz 05
6%
Pro League Al Fateh
6%
Liga 1 Alianza Lima
6%
Pro League Al Riyadh
6%
Ligue 2 Amiens SC
6%
Ekstraklasa Arka Gdynia
6%
Liga I Asociația Clubul Sportiv Petrolul 52
6%
Primeira Liga AVS Futebol SAD
6%
La Liga 2 Burgos CF
6%
La Liga 2 Cádiz CF
6%
Serie B Calcio Padova
6%
Primera Division Caracas FC
6%
Primeira Liga Casa Pia
6%
Primeira Liga CD Nacional
6%
Primeira Liga CD Tondela
6%
A-League Men Central Coast Mariners
6%
Liga Profesional de Fútbol Central Cordoba SdE
6%
Serie B Cesena FC
6%
League Two Cheltenham Town
6%
League Two Chesterfield
6%
Ligue 2 Clermont Foot 63
6%
División Profesional Club Olimpia
6%
League Two Crewe Alexandra
6%
K League 1 Daegu FC
6%
Allsvenskan Djurgårdens IF
6%
2. Bundesliga Eintracht Braunschweig
6%
Ligue 2 En Avant Guingamp
6%
Ligue 2 ESTAC Troyes
6%
Primeira Liga Famalicão
6%
Süper Lig Fatih Karagümrük
6%
Primeira Liga FC Arouca
6%
Major League Soccer FC Cincinnati
6%
3. Liga FC Erzgebirge Aue
6%
3. Liga FC Hansa Rostock
6%
3. Liga FC Ingolstadt 04
6%
Super League FC Lugano
6%
Super League FC St. Gallen 1879
6%
Pro League FCV Dender EH
6%
Super League FC Winterthur
6%
League Two Fleetwood Town
6%
Serie B Frosinone
6%
Primeira Liga GD Estoril Praia
6%
Süper Lig Gençlerbirliği SK
6%
Ekstraklasa GKS Katowice
6%
Ekstraklasa Górnik Zabrze
6%
Süper Lig Göztepe SK
6%
K League 1 Gwangju FC
6%
Eredivisie Heracles Almelo
6%
Allsvenskan IF Elfsborg
6%
Allsvenskan IFK Norrköping
6%
K League 1 Jeonbuk Hyundai Motors
6%
2. Bundesliga Karlsruher SC
6%
Premiership Kilmarnock
6%
Süper Lig Kocaelispor
6%
Pro League KVC Westerlo
6%
Pro League KV Mechelen
6%
Liga Profesional de Fútbol Lanús
6%
Serie A LDU Quito
6%
League One Mansfield Town
6%
Serie B Modena
6%
Primeira Liga Moreirense FC
6%
Premiership Motherwell FC
6%
Major League Soccer Nashville SC
6%
Eredivisie NEC Nijmegen
6%
Pro League NEOM SC
6%
League One Peterborough United
6%
Ekstraklasa Pogoń Szczecin
6%
Pro League RAAL La Louvière
6%
Primera División Racing Club de Montevideo
6%
Serie B Reggiana
6%
Liga Profesional de Fútbol Rosario Central
6%
League One Rotherham United
6%
Major League Soccer San Jose Earthquakes
6%
Super League Servette FC
6%
Superliga Silkeborg IF
6%
Pro League Sint-Truidense VV
6%
Eliteserien SK Brann
6%
Serie B Spezia
6%
Ligue 2 Sporting Club Bastia
6%
Liga 1 Sporting Cristal
6%
2. Bundesliga SpVgg Greuther Fürth
6%
Ligue 1 Stade Brestois 29
6%
Ligue 2 Stade de Reims
6%
2. Bundesliga SV Elversberg
6%
Super League Tianjin Jinmen Tiger
6%
Bundesliga TSV Hartberg
6%
K League 1 Ulsan HD FC
6%
Liga I Universitatea Cluj
6%
Liga I Universitatea Craiova
6%
Liga I UTA Arad
6%
Série A Vasco da Gama
6%
A-League Men Wellington Phoenix
6%
Ekstraklasa Widzew Łódź
6%
Bundesliga Wolfsberger AC
6%
3. Liga 1. FC Schweinfurt 05
0%
Primera Division Academia Puerto Cabello
0%
La Liga 2 AD Ceuta FC
0%
Pro League Al Akhdoud Saudi Club
0%
La Liga 2 Albacete Balompié
0%
Pro League Al Fayha
0%
Pro League Al Hazem FC
0%
Pro League Al Khaleej
0%
Pro League Al Kholood
0%
Pro League Al-Najma SC
0%
Pro League Al Shabab
0%
Pro League Al Taawoun FC
0%
Primeira Liga Alverca
0%
Ligue 2 AS Nancy Lorraine
0%
Categoría Primera A Atlético Bucaramanga
0%
Liga 1 Atlético Grau
0%
Série A Atlético Mineiro
0%
Categoría Primera A Atlético Nacional
0%
Liga Profesional de Fútbol Atlético Tucumán
0%
Serie B Avellino
0%
Série A Bahia
0%
Liga Profesional de Fútbol Barracas Central
0%
Liga Profesional de Fútbol Belgrano de Córdoba
0%
Super League Bengaluru FC
0%
Allsvenskan BK Häcken
0%
Bundesliga Blau-Weiß Linz
0%
División de Fútbol Profesional Bolívar
0%
Primera División Boston River
0%
Ekstraklasa Bruk-Bet Termalica Nieciecza
0%
Eliteserien Bryne FK
0%
Thai League 1 Buriram United
0%
Liga Profesional de Fútbol CA Aldosivi
0%
Liga Profesional de Fútbol CA Banfield
0%
Primera Division Carabobo FC
0%
Serie B Carrarese
0%
Serie B Catanzaro
0%
La Liga 2 CD Castellón
0%
La Liga 2 CD Mirandés
0%
Primera Division CD Palestino
0%
Primera División Cerro Largo
0%
División Profesional Cerro Porteño
0%
Super League Changchun Yatai
0%
Super League Chennayin FC
0%
Liga 1 Cienciano
0%
Liga Profesional de Fútbol Club Atlético San Martín
0%
Liga Profesional de Fútbol Club Atlético Sarmiento
0%
Primera División Club National de Football
0%
La Liga 2 Córdoba CF
0%
Série A Cruzeiro
0%
Liga I Csíkszereda Miercurea Ciuc
0%
La Liga 2 Cultural Leonesa
0%
K League 1 Daejeon Citizen
0%
Super League Dalian Yingbo
0%
Pro League Damac FC
0%
Liga Profesional de Fútbol Defensa y Justicia
0%
Allsvenskan Degerfors IF
0%
Primera Division Deportes Iquique
0%
Liga Profesional de Fútbol Deportivo Riestra
0%
Primera Division Deportivo Táchira
0%
Pro League Al Qadsiah FC
0%
Super League East Bengal FC
0%
Primeira Liga Estrela de Amadora
0%
Liga Profesional de Fútbol Estudiantes de La Plata
0%
Eredivisie Excelsior
0%
Süper Lig Eyüpspor
0%
Liga 1 FBC Mergal
0%
Ligue 2 FC Annecy
0%
K League 1 FC Anyang
0%
Liga I FC Botoșani
0%
3. Liga FC Energie Cottbus
0%
Liga I FC Hermannstadt
0%
Super League FC Lausanne-Sport
0%
Liga I FCV Farul Constanța
0%
Eredivisie FC Volendam
0%
Eliteserien FK Haugesund
0%
Série A Fortaleza
0%
Superliga Fredericia
0%
Eliteserien Fredrikstad FK
0%
Allsvenskan GAIS
0%
K League 1 Gangwon FC
0%
Primeira Liga Gil Vicente FC
0%
K League 1 Gimcheon Sangmu FC
0%
Liga Profesional de Fútbol Gimnasia y Esgrima La Plata
0%
Liga Profesional de Fútbol Godoy Cruz
0%
Bundesliga Grazer AK 1902
0%
Ligue 2 Grenoble Foot 38
0%
División de Fútbol Profesional Gualberto Villarroel SJ
0%
División Profesional Guaraní
0%
Allsvenskan Halmstads BK
0%
Eliteserien Hamarkameratene
0%
Allsvenskan Hammarby Fotboll
0%
Super League Henan FC
0%
Liga Profesional de Fútbol Huracán
0%
Allsvenskan IF Brommapojkarna
0%
Allsvenskan IFK Värnamo
0%
Allsvenskan IK Sirius
0%
Liga Profesional de Fútbol Independiente
0%
Liga Profesional de Fútbol Independiente Rivadavia
0%
Liga Profesional de Fútbol Instituto Atlético Central Córdoba
0%
Série A Internacional
0%
Ekstraklasa Jagiellonia Białystok
0%
Super League Jamshedpur FC
0%
K League 1 Jeju United FC
0%
Super League Kerala Blasters FC
0%
Eliteserien KFUM-Kameratene Oslo
0%
Ekstraklasa Korona Kielce
0%
Eliteserien Kristiansund BK
0%
Ekstraklasa Lechia Gdańsk
0%
Ligue 2 Le Mans FC
0%
A-League Men Macarthur FC
0%
Serie B Mantova
0%
Super League Meizhou Hakka
0%
Liga I Metaloglobus București
0%
Major League Soccer Minnesota United FC
0%
Allsvenskan Mjällby AIF
0%
Super League Mohammedan SC
0%
Super League Mohun Bagan Super Giant
0%
Serie B Monza
0%
Ekstraklasa Motor Lublin
0%
División de Fútbol Profesional Nacional Potosí
0%
Super League NorthEast United
0%
Super League Odisha FC
0%
Categoría Primera A Once Caldas
0%
Allsvenskan Östers IF
0%
Liga I Oțelul Galați
0%
Ekstraklasa Piast Gliwice
0%
Liga Profesional de Fútbol Platense
0%
K League 1 Pohang Steelers
0%
Super League Punjab FC
0%
Super League Qingdao Hainiu FC
0%
Super League Qingdao West Coast FC
0%
Ekstraklasa Radomiak Radom
0%
Superliga Randers FC
0%
La Liga 2 RC Deportivo de La Coruña
0%
Ligue 2 Rodez Aveyron Football
0%
División de Fútbol Profesional San Antonio Bulo Bulo
0%
Eliteserien Sandefjord Fotball
0%
Major League Soccer San Diego FC
0%
Liga Profesional de Fútbol San Lorenzo de Almagro
0%
Eliteserien Sarpsborg 08 FF
0%
2. Bundesliga SC Preußen Münster
0%
Bundesliga SC Rheindorf Altach
0%
3. Liga SC Verl
0%
Super League Shandong Taishan
0%
Super League Shanghai Shenhua
0%
Superliga Sønderjyske Fodbold
0%
Serie B SS Juve Stabia
0%
3. Liga SSV Ulm 1846
0%
Ligue 2 Stade Lavallois Mayenne FC
0%
Premiership St. Mirren
0%
Eliteserien Strømsgodset IF
0%
Serie B Südtirol
0%
K League 1 Suwon FC
0%
Bundesliga SV Ried
0%
Liga Profesional de Fútbol Talleres
0%
Eredivisie Telstar
0%
Liga Profesional de Fútbol Tigre
0%
3. Liga TSV 1860 München
0%
3. Liga TSV Havelse
0%
La Liga 2 UD Almería
0%
La Liga 2 UD Las Palmas
0%
Primera Division Unión Española
0%
Liga I Unirea Slobozia
0%
Super League United Tigers SC
0%
Primera Division Universidad Católica
0%
Serie A Universidad Católica del Ecuador
0%
Primera Division Universidad de Chile
0%
Liga 1 Universitario de Deportes
0%
Ligue 2 US Boulogne Cote d'Opale
0%
Ligue 2 USL Dunkerque
0%
Eliteserien Vålerenga Fotball
0%
Liga Profesional de Fútbol Vélez Sarsfield
0%
Superliga Velje Boldklub
0%
3. Liga VfL Osnabrück
0%
Superliga Viborg FF
0%
Serie B Virtus Entella
0%
Bundesliga WSG Tirol
0%
Super League Yunnan Yukun
0%
Ekstraklasa Zagłębie Lubin
0%
Super League Zheijang FC
0%
No matching quizzes found
Score Distribution
Percent of People with Each Score
Percentile by Number Answered
Your Score History
You have not taken this quiz